| 000 | 00885nam a22002297a 4500 | ||
|---|---|---|---|
| 999 |
_c12642 _d12642 |
||
| 003 | AR-CdUCM | ||
| 008 | 190409b ||||| |||| 00| 0 spa d | ||
| 040 |
_aMUNICIPALIDAD PROVINCIAL DEL CUSCO _cBIBLIOTECA MUNICIPAL DEL CUSCO |
||
| 082 |
_aEP / 498.518 / _bH89 |
||
| 100 |
_aHuillca Camero, Virgilio _930587 |
||
| 245 |
_aIntiq yachaynin nº1 quechua : _bqueswa simita yachasunchis = Aprendamos el idioma quechua / |
||
| 260 |
_aCusco : _bAcademia Mayor de la Lengua Quechua, _c2013. |
||
| 300 |
_a85 paginas ; _bIlustraciones, Graficos, Dibujos, _c30 cm. |
||
| 500 | _a"Qheswa simipi hamut'ay, qelqay, ama p'enqakuspataq rimay" Patara N° 1 | ||
| 650 |
_aLengua quechua _97426 |
||
| 650 |
_aCusco _9772 |
||
| 650 |
_aEstudio y enseñanza _92610 |
||
| 650 |
_aGramatica _99175 |
||
| 700 |
_aChalco Pacco, Ruth Masrisol _930588 |
||
| 942 |
_2ddc _cLIBROS |
||
| 945 |
_apjha _d2019-04-09 |
||